000 00408pam a2200157a 44500
008 230515b1989 xxu||||| |||| 00| 0 eng d
020 _aNULL
041 _aENGLISH
082 _aN.D.
100 _a"Golding E. W. , Widdis F.C."
245 _aElectrical Measurements & Measuring Instru.
250 _a0
260 _aNULL
_bChopra Y. D. For Wheelar A. H. Company
_c1989
300 _a952
650 _aNULL
999 _c570247
_d570247